Statistics for Countries with the Lowest Minimum Elevation

Click here to take the quiz!

General Stats

  • This quiz has been taken 27 times
  • The average score is 15 of 20

Answer Stats

ElevationLowest PointCountry% Correct
−1,404 ft
−428 m
Dead SeaIsrael
100%
−1,404 ft
−428 m
Dead SeaJordan
96%
−92 ft
−28 m
Caspian SeaAzerbaijan
88%
−92 ft
−28 m
Caspian SeaRussia
88%
−505 ft
−154 m
Ayding LakeChina
85%
−92 ft
−28 m
Caspian SeaIran
85%
−436 ft
−133 m
Qattara DepressionEgypt
81%
−433 ft
−132 m
Karagiye DepressionKazakhstan
81%
−702 ft
−214 m
Sea of GalileeSyria
81%
−344 ft
−105 m
Laguna del CarbónArgentina
77%
−154 ft
−47 m
Sabkhat GhuzayyilLibya
77%
−266 ft
−81 m
Akjagaýa DepressionTurkmenistan
77%
−281 ft
−86 m
Badwater BasinUnited States
77%
−131 ft
−40 m
Chott MelrhirAlgeria
73%
−180 ft
−55 m
Sebkha TahMorocco
69%
−410 ft
−125 m
Danakil DepressionEthiopia
62%
−112 ft
−34 m
Bayóvar DepressionPeru
58%
−148 ft
−45 m
Lake EnriquilloDominican Republic
54%
−509 ft
−155 m
Lake AssalDjibouti
46%
−246 ft
−75 m
Lake KululEritrea
42%

Score Distribution

Percentile by Number Answered

Percent of People with Each Score

Your Score History

You have not taken this quiz